000 00752cam a22002533a 4500
001 23927
003 PGUSA
005 20140828083517.0
008 071220s2007||||xxu|||||s|||||000 1 eng d
040 _aPGUSA
_beng
042 _adc
050 4 _aPS
100 1 _aKing, Charles,
_d1844-1933
245 1 2 _aA Tame Surrender, A Story of The Chicago Strike
_h[electronic resource] /
_cCharles King
260 _bProject Gutenberg,
_c2007
506 _aPublic domain in the USA.
516 _aElectronic text
653 _aStrikes and lockouts -- Fiction
653 _aPullman Strike, 1894 -- Fiction
653 _aChicago (Ill.) -- Fiction
830 0 _aProject Gutenberg
_v23927
856 4 0 _uhttp://www.gutenberg.org/ebooks/23927
942 _cEB
999 _c253182
_d253182